01170nam a2200313Ia 4500001001200000003000800012006001900020007001500039008004100054020001800095020001500113040002100128035002100149050002200170100002500192245010500217260005900322300001500381504005100396533015200447650001900599650001700618650001300635650001900648655002900667710001700696856012600713999001700839ebr10342190CaPaEBRm u cr cn|||||||||090418s2009 bcc sb 001 0 eng d z9780865716391 z0865716390 aCaPaEBRcCaPaEBR a(OCoLC)64684387114aGF47b.G74 2009eb1 aGreer, John Michael.14aThe ecotechnic futureh[electronic resource] :benvisioning a post-peak world /cJohn Michael Greer. aGabriola Island, BC :bNew Society Publishers,cc2009. axv, 271 p. aIncludes bibliographical references and index. aElectronic reproduction.bPalo Alto, Calif. :cebrary,d2010.nAvailable via World Wide Web.nAccess may be limited to ebrary affiliated libraries. 0aHuman ecology. 0aForecasting. 0aEcology. 0aSocial change. 7aElectronic books.2local2 aebrary, Inc.40uhttp://site.ebrary.com/lib/rucke/Doc?id=10342190zAn electronic book accessible through the World Wide Web; click to view c46303d46303